000 00264nam a22001217a 4500
008 170706b xxu||||| |||| 00| 0 eng d
041 _aeng
080 _a82
100 _a22
101 _aGJL
245 _aSHAKESPEARE FOR STUDENTS
_cSCOTT.J.C
942 _2udc
_cBK
999 _c19939
_d19939